Estados de la materia / (Record no. 1222)
[ view plain ]
| 000 -LEADER | |
|---|---|
| campo de control de longitud fija | 00774nam a22001937a 4500 |
| 008 - DATOS DE LONGITUD FIJA--INFORMACIÓN GENERAL | |
| campo de control de longitud fija | 170708s2017 gt||||| |||| 00| 0 spa d |
| 020 ## - NÚMERO INTERNACIONAL ESTÁNDAR DEL LIBRO | |
| Número Internacional Estándar del Libro | 9789929591394 |
| 082 04 - NÚMERO DE LA CLASIFICACIÓN DECIMAL DEWEY | |
| Número de clasificación | 861 |
| Número de ítem | S487e |
| 100 1# - ENTRADA PRINCIPAL--NOMBRE DE PERSONA | |
| Nombre de persona | Serrano Echeverría, Julio. |
| 9 (RLIN) | 5858 |
| 245 10 - MENCIÓN DEL TÍTULO | |
| Título | Estados de la materia / |
| Mención de responsabilidad, etc. | Julio Serrano Echeverría. |
| 250 ## - MENCION DE EDICION | |
| Mención de edición | 1a edición. |
| 260 ## - PUBLICACIÓN, DISTRIBUCIÓN, ETC. | |
| Lugar de publicación, distribución, etc. | Guatemala : |
| Nombre del editor, distribuidor, etc. | Catafixia Editorial, |
| Fecha de publicación, distribución, etc. | 2017. |
| 300 ## - DESCRIPCIÓN FÍSICA | |
| Extensión | 95 páginas : |
| Otras características físicas | ilustraciones. |
| 440 #0 - MENCIÓN DE SERIE/PUNTO DE ACCESO ADICIONAL--TÍTULO | |
| Título | Colección Bitol |
| Designación de volumen o secuencia | 6 |
| 9 (RLIN) | 5859 |
| 500 ## - NOTA GENERAL | |
| Nota general | Ésta publicación forma parte del proyecto "Ser el fuego", el cual fue desarrollado con la beca a las investigación y creación artística de la Fundación Yaxs, en su edición 2015-2016. |
| 653 10 - TÉRMINO DE INDIZACIÓN--NO CONTROLADO | |
| Término no controlado | Literatura Latinoamericana |
| 653 10 - TÉRMINO DE INDIZACIÓN--NO CONTROLADO | |
| Término no controlado | Poesía - Guatemala |
| 653 10 - TÉRMINO DE INDIZACIÓN--NO CONTROLADO | |
| Término no controlado | Poesía - Arte |
| Estatus retirado | Estado de pérdida | Fuente del sistema de clasificación o colocación | Estado de daño | No para préstamo | Biblioteca de origen | Biblioteca actual | Ubicación en estantería | Fecha de adquisición | Total de préstamos | Signatura topográfica completa | Código de barras | Visto por última vez | Precio de reemplazo | Tipo de ítem Koha |
|---|---|---|---|---|---|---|---|---|---|---|---|---|---|---|
| Clasificación Decimal Dewey | Biblioteca LadoV | Biblioteca LadoV | 08/07/2017 | 861 S487e | 004426 | 08/07/2017 | 08/07/2017 | Material 01 | ||||||
| Clasificación Decimal Dewey | Biblioteca LadoV | Biblioteca LadoV | 02/12/2017 | 861 S487e | 02/12/2017 | 02/12/2017 | Material 01 |
